01329nam a2200349Ia 4500001000700000003000500007008004100012010001100053040000900064082001500073100004000088245012700128260003000255300000900285500007500294503003400369505007900403650003600482650003300518650003400551700003600585700003800621700003600659901001500695902000600710910000900716942000600725942000700731999001900738952011100757952011100868Z_2483CHAP220113s1973 xx 000 0 und d a165540 cCHAP a546.65 F53 aFlaschka, Hermenegild Arved9139448 aQuímica analítica cuantitativa /cH. A. Flaschka, A. J. Barnard y P. E. Sturrock; traducción Antonio Eroles Gómez aMéxico :bCECSA,c1973 a2 v. aTraducción de la obra en inglés: Cunatitative analytical chemistry aej.1 v.1: C/E \ ej.1 v.2: C/E av.I: Introduction to principles. -- v.II: Short indtroduction to practice aAnálisis cuantitativo9139449 aQuímica analítica993582 aQuímica inorgánica993593 aEroles Gómez, Antonio9139413 a Sturrock, P. E., coaut. 9139450 aBarnard, A. J., coaut. 9139451 a546.65 F53 aM a1973 c1 cc1 c165540d165540 00102ddc40708GRALaZbZc1d2005-11-09hVolumen: 1 pz_2446r2022-01-18 00:00:00t1w2022-01-18yLIBRO 00102ddc40708GRALaZbZc1d2005-11-09hVolumen: 2 pz_2447r2022-01-18 00:00:00t1w2022-01-18yLIBRO